Hodnotenie štruktúry a vlastností konštrukčných profilov lisovaných z kompozitných zmesí Al práškov s prísadou kermaických častíc = Evaluation of structure and properties of the constructional sections pressed from composite aluminium powders with additional ceramic particles : Diplomová práca

Gespeichert in:
Bibliographische Detailangaben
1. Verfasser: Polovka, Michal (Verfasst von)
Weitere Verfasser: Balog, Martin (xxx)
Format: Manuskript Buch
Sprache:Slowakisch
Veröffentlicht: Trnava : STU v Bratislave MTF UMAT, 2009
Schlagworte:
Tags: Tag hinzufügen
Keine Tags, Fügen Sie das erste Tag hinzu!

MARC

LEADER 00000ntm a22000003a 4500
001 stu186366
005 20160719160118.6
008 090701s2009----xo------------------slo-d
040 |a STU  |b slo 
041 0 |a slo 
044 |a xo 
100 1 |a Polovka, Michal  |4 aut 
245 1 |a Hodnotenie štruktúry a vlastností konštrukčných profilov lisovaných z kompozitných zmesí Al práškov s prísadou kermaických častíc = Evaluation of structure and properties of the constructional sections pressed from composite aluminium powders with additional ceramic particles :  |b Diplomová práca 
260 |a Trnava :  |b STU v Bratislave MTF UMAT,  |c 2009 
300 |a 75 s  |c 1 CD-ROM 
500 |a Študijný odbor: 5.2.26 materiály 
500 |a Študijný program: technické materiály 
650 7 |a prášková metalurgia  |2 stusub 
650 7 |a kompozitné materiály  |2 stusub 
700 1 |a Balog, Martin  |4 xxx 
700 1 |a Antušek, Andrej,  |d 1973-  |4 csl  |u M1000  |U MTF Materiálovotechnologická fakulta  |T MTF Ústav materiálov  |X 4919  |U M1000  |Y 81  |7 A000004919 
996 |b 284M070632  |c M*DP-7960  |l MMSKP  |s P  |a 0  |w stu186366_0001